000 00292nam a2200121Ia 4500
005 20260328101520.0
008 260328s9999||||xx |||||||||||||| ||und||
100 _aCinotti, Mya
245 0 _aLa femme nue par les peintres /
_cMya Cinotti
260 _bVarenne
650 _aPINTURA
942 _cBK
999 _c9568
_d9568